000 01756nam a2200325 c 4500
003 BLK
005 20180422113445.0
008 180410b bul|||||r ||||||| ||bul||
010 _aKNG00163377000
040 _aBLK
041 _aBUL
_cBUL
072 7 _2bullib
_aС
_xСтаропечатен фонд
080 _aКоментари. Анотирани издания. Различни интерпретации на Библията
_b22.07
_x
_z22.07
700 1 _aМаринкович, Константин
_eизд.
_992700
700 1 _aЙоанович, хаджи Найден
_eизд.
_9381259
139 _aПлач Рахили, или убиение 14000 младенцев, на повеление Ирода, царя Юдейскаго во Витлеемя сбившему ся
_bП 58
245 1 0 _aПлач Рахили, или убиение 14000 младенцев, на повеление Ирода, царя Юдейскаго во Витлеемя сбившему ся
_bИздадено от Константин Маринкович, а препечатано од Хаджи Найдена Йовановича, татарпазарчичанина, книгоиздателя
_cизд. Константин Маринкович; изд. хаджи Найден Йоанович.
257 _aBGR
260 Београд
_c1856
_fБеоград : У правителственой книгопечатни
300 _a68 с.
_c19 см
380 _a2
650 4 _aБиблия
_9148564
653 _aбиблейски сюжети
659 _aС
852 _aЦб Ст 3261-а * 352-а
856 4 _qpdf
_u
856 4 _qpdf
_u
942 _cKNG
_n0
944 _aCR
_c21.07.2014
_kХристина_Везирева
944 _aED
_c21.07.2014
_k
999 _c156537
_d156537